000
00351nam a2200133Ia 4500
008
151001s9999||||xx |||||||||||||| ||und||
100
_a
मदन केवलीया
245
_a
महकते अक्षरोका आकाश
250
_a
1
260
_b
कलासन
260
_c
2003
300
_a
166
365
_b
21
999
_c
989597
_d
989594